| 000 | 00784cam a2200253 4500 | ||
|---|---|---|---|
| 008 | 090401t1994 xxu||||| |||| 00| 0 eng d | ||
| 020 | _a1897977026 | ||
| 035 | _a(Sirsi) u69087 | ||
| 041 | _aeng | ||
| 050 | _a333.0062 | ||
| 245 | 4 | _aThe Ivanhoe career guide to chartered surveyors 1995. | |
| 260 |
_aLondon _bCambridge Market Intelligence Limited _c1994 |
||
| 300 | _aix,182p. ; 21 cm. | ||
| 350 | _a9.95 | ||
| 490 | _aIvanhoe Career Guides | ||
| 520 | _aPublished in association with the Royal Institution of Chartered Surveyors | ||
| 650 | _aCAREERS, EDUCATION AND TRAINING | ||
| 650 | _aABOUT RICS-RICS MEMBERS | ||
| 650 | _aDIRECTORIES | ||
| 650 | _aRICS | ||
| 690 | _aMANAGEMENT-BUSINESS MANAGEMENT-PROFESSIONAL PRACTICE | ||
| 942 | _n0 | ||
| 948 | _c04/03/1997 | ||
| 999 |
_c95155 _d95155 |
||